Responses for show #7557 - Tuesday, June 20, 2017

Contestants

Chris Nadon, a college teacher from Claremont, California

Melissa Dean, a quality assurance auditor from Raleigh, North Carolina

Peter Guekguezian, a Ph.D. student in linguistics from Fresno, California (whose 2-day cash winnings total $25,599)

Jeopardy! Round responses

WE'RE GIVING YOU A COMMISSION
GOOD SOURCES OF CALCIUM
AUTHORS' INITIALS
10-LETTER VERBS
THE GAME IS RIGGED
RETURN TO THE MOVIES
    $200 21
Johnson

Chris
    $200 2
tofu

Peter
    $200 7
E.B. White

Peter
    $200 1
declassify

Melissa
    $200 12
loaded

Chris
    $200 26
Return of the King

Peter
    $400 22
mortgages

Chris
    $400 3
(Melissa: What is a walnut?)

an almond

MelissaChris
    $400 8
(Alex: The EB is Elizabeth Barrett.)

Robert Browning

Triple Stumper
    $400 16
commandeer

Peter
    $400 13
the scales

Peter
    $400 27
Return of the Jedi

Peter
    $600 23
New York

Chris
    $600 4
sesame

Peter
    $2,000 9
Samuel Taylor Coleridge

Peter
    $600 17
overexpose

Chris
    $600 14
goalposts

Melissa
    $600 28
the living dead

Melissa
    $800 24
Eleanor Roosevelt

Melissa
    $800 5
kale

Chris
    $800 10
Neil Gaiman

Peter
    $800 18
rubberneck

Peter
    $800 15
mug

Melissa
    $800 29
Michael Myers

Melissa
    $1000 25
the CIA

Chris
    $1000 6
molasses

Peter
    $1000 11
Isaac Bashevis Singer

Chris
    $1000 19
metabolize

Melissa
    $1000 20
stack the deck

Peter
    $1000 30
Marilyn Monroe

Triple Stumper

Scores at the first commercial break (after clue 15):

Peter Melissa Chris
$5,200 $1,200 $2,400

Scores at the end of the Jeopardy! Round:

Peter Melissa Chris
$8,000 $4,400 $5,200

Double Jeopardy! Round responses

BLOWIN' IN THE WIND
TANGLED UP IN BLUE
IT'S ALRIGHT, MA (I'M ONLY BLEEDING)
THINGS HAVE CHANGED
FOREVER "YOUNG"
BOB DYLAN
    $400 1
Texas

Chris
    $400 6
a blue whale

Melissa
    $400 25
high blood pressure

Chris
    $400 20
@RealDonaldTrump

Melissa
    $400 11
Youngstown

Chris
    $400 16
(Alex: Robert [*].)

Zimmerman

Triple Stumper
    $800 2
the Red Sea

Peter
    $800 7
a laser

Peter
    $800 26
tuberculosis

Melissa
    $800 21
leukemia

Chris
    $7,200 12
(Alex: Nothing coming to you?)
(Chris: I don't know it.)

the Young Turks

Chris
    $800 17
(Chris: What is "Blowin' In The Wind"?)

"Like A Rolling Stone"

PeterChris
    $4,400 3
the Mojave Desert

Peter
    $1200 8
blue-chip

Chris
    $1200 27
sutures

Chris
    $1200 22
(Melissa: What is Amelia?)

Emma

MelissaChris
    $1200 13
a Cy Young

Peter
    $1200 18
Jakob Dylan

Melissa
    $1600 4
the steppes

Chris
    $1600 9
(Chris: What is selling alcohol?)

selling alcohol on Sundays (or selling anything on a Sunday)

MelissaChris
    $1600 28
an ulcer

Chris
    $1600 23
(Chris: What are North Vietnam and, uh, Cambodia?)

Vietnam and Laos

PeterChris
    $1600 14
(Peter: Who is James the Younger?)

Brigham Young

Peter
Triple Stumper
    $1600 19
(Alex: He wasn't there to accept his Nobel.)

Stockholm

Peter
    $2000 5
the Cyclades

Peter
    $2000 10
periwinkle

Triple Stumper
    $2000 29
(Chris: What is hematoma?)

contusion

MelissaChris
    $2000 24
Kamala Harris

Peter
    $2000 15
Young Goodman Brown

Triple Stumper
    $2000 30
Joan Baez

Triple Stumper

Scores at the end of the Double Jeopardy! Round:

Peter Melissa Chris
$21,600 $9,600 $800
(lock game)

[wagering suggestions for these scores]

Final Jeopardy! Round responses

SHAKESPEARE TITLES
ChrisWhat is Measure for Measure
$799
MelissaWhat ?
$8,000
PeterWhat is the Comedy of Er Much Ado
$2,399
Measure for Measure

Final scores:

Peter Melissa Chris
$19,201 $1,600 $1,599
3-day champion: $44,800 2nd place: $2,000 3rd place: $1,000

Game dynamics:

Coryat scores:

Peter Melissa Chris
$17,000 $9,600 $8,000
21 R
(including 2 DDs),
1 W
13 R,
2 W
18 R,
5 W
(including 1 DD)

Combined Coryat: $34,600

The J! Archive is created by fans, for fans. The Jeopardy! game show and all elements thereof, including but not limited to copyright and trademark thereto, are the property of Jeopardy Productions, Inc. and are protected under law. This website is not affiliated with, sponsored by, or operated by Jeopardy Productions, Inc. Join the discussion at JBoard.tv.